000 00616nam a22002057a 4500
003 MPLRDC
005 20220105061058.0
008 210129b ||||| |||| 00| 0 eng d
020 _a978-7-5391-8908-6
082 _a859.9 HJZS v.3
100 _a小熊工作室 GOMDORI CO. 文
245 _a黄金战士大冒险. 3
_c邝绍贤 译; 金新中 KIM SHIN-JOONG 图
250 _a初版一刷
260 _a中国
_b二十一世纪出版社
_c2013
300 _b
490 _a我的第一本科学漫画书
520 _a新书上架 2018-01-16。
650 _a儿童图画书
942 _cBK
_o859.9 HJZS v.3
999 _c68490
_d68480